000 00841nam a2200217Ia 4500
001 17493
003 GE_BSU
008 181216s||||||||xx |||||||||||||| ||und||
040 _cGE_BSU
080 _a621.01(035.5)
100 _aАнтошин,Е.В. Бринберг,И.Л. Василев,К.В.
245 _aСправочник машиностроителя. В шести томах. Том V. книга I.
245 _cРед. совет: Н.С.Ачеркан, М.П.Вукалович, В.Н.Кудрявцев и др. Под ред. Э.А.Сатель, Ред. С.А.Ананьев.
250 _aИзд. третье, исправ. и дополн.
260 _aМ.
260 _bМашгиз.
260 _c1963.
300 _a451 стр.
653 _aСправочник машиностроителя.
942 _cBK
999 _c50544
_d50544